| 000 | 01653cam a2200217 4500500 | ||
|---|---|---|---|
| 005 | 20260329021404.0 | ||
| 041 | _afre | ||
| 042 | _adc | ||
| 100 | 1 | 0 |
_aJean, Sébastien _eauthor |
| 245 | 0 | 0 | _aDe Trump à Xi Jinping : la grande rupture de la mondialisation |
| 260 | _c2026. | ||
| 500 | _a4 | ||
| 520 | _aLa politique commerciale de la seconde administration Trump constitue une rupture avec les engagements internationaux des États-Unis et un séisme pour le système commercial multilatéral. Son effet déstabilisant est renforcé par les excédents commerciaux démesurés de la Chine, qui ont doublé depuis la crise sanitaire de 2020. Nous entrons dans une nouvelle ère marquée par une érosion des normes au profit de logiques transactionnelles. Pour l’Europe, le défi est de taille.politique étrangère | ||
| 520 | _aThe second Trump administration’s trade policy represents a rupture with the United States’ international commitments and a seismic shock for the multilateral trade system. Its destabilizing impact has been exacerbated by China’s disproportionate trade surplus, which has doubled since the 2020 pandemic. We are entering a new era marked by the erosion of norms and their replacement by a more transactional logic. For Europe, the challenge is enormous. | ||
| 690 | _aCommerce international | ||
| 690 | _aMercantilisme | ||
| 690 | _aPolitique économique américaine | ||
| 690 | _aProtectionnisme | ||
| 786 | 0 | _nPolitique étrangère | Pritemps | 1 | 2026-03-05 | p. 17-30 | 0032-342X | |
| 856 | 4 | 1 | _uhttps://shs.cairn.info/revue-politique-etrangere-2026-1-page-17?lang=fr&redirect-ssocas=7080 |
| 999 |
_c1912193 _d1912193 |
||